Formel 1: Fahrer aus Deutschland - Sudden Death - Statistiken

Allgemein
  • Dieses Quiz wurde 1.003 mal gespielt
    684 seit der letzten Aktualisierung
  • Das Durchschnittsergebnis liegt bei 5 aus 18
Answers on the Grid
Answers color-coded by a green-red scale on the quiz's grid according to % correct below.
Wolfgang Graf Berghe von Trips
Toni Schumacher
Nico Rosberg
Michael Bartels
Gerhard Berger
Markus Winkelhock
Keke Rosberg
Hans Heyer
Niki Lauda
Heinz Harald Frentzen
Rolf Stommelen
Josef Siffert
Manfred Winkelhock
Alexander Wurz
Helmut Marko
Bernd Schneider
Nico Hülkenberg
Jochen Mass
Jochen Rindt
Stefan Bellof
Helmut Koinigg
Hans Herrmann
Marc Surer
Karl Wendlinger
Christian Klien
Adrian Sutil
Roland Ratzenberger
Paul Pietsch
Pascal Wehrlein
Tony Bettenhausen
Timo Glock
Norbert Haug
Eddie Sachs
Herbert Müller
Karl Kling
Harald Ertl
 
Antwortstatistiken
Antwort % Korrekt
Nico Rosberg
68%
Nico Hülkenberg
67%
Timo Glock
60%
Heinz Harald Frentzen
47%
Pascal Wehrlein
45%
Adrian Sutil
42%
Jochen Mass
32%
Wolfgang Graf Berghe von Trips
31%
Markus Winkelhock
24%
Manfred Winkelhock
20%
Stefan Bellof
19%
Bernd Schneider
17%
Hans Herrmann
12%
Rolf Stommelen
10%
Karl Kling
8%
Hans Heyer
6%
Harald Ertl
5%
Paul Pietsch
3%
Keine übereinstimmenden Quizze gefunden
Verteilung der Resultate
Anzahl Personen mit jedem Resultat
Perzentil nach korrekt beantworteten Fragen
Ihre Resultats-Entwicklung
Sie haben dieses Quiz seit der letzten Aktualisierung nicht gespielt